The singular life story of heedless Hopalong /

Bibliographic Details
Main Author: Grimmelshausen, Hans Jakob Christoph von, 1625-1676
Other Authors: Hiller, Robert Ludwig, 1915-1987, Osborne, John C., 1928-
Format: Book
Language:English
German
Published: Detroit : Wayne State University Press, 1981.
Subjects:

MARC

Tag First Indicator Second Indicator Subfields
LEADER 00000pam a2200000 a 4500
001 in00000082870
005 20151008054244.0
008 810528s1981 miua b s00011 eng
010 |a  81010446  
020 |a 0814316883 
035 |a (OCoLC)07572725 
035 |9 AAJ0111AM 
039 0 |a 2  |b 3  |c 3  |d 3  |e 3 
040 |a DLC  |c DLC  |d TXA  |d UtOrBLW 
041 1 |a eng  |a ger 
049 |a TXAM  |c [800471] 
050 0 0 |a PT1731.S7  |b E5 1981 
082 0 |a 833/.5  |2 19 
100 1 |a Grimmelshausen, Hans Jakob Christoph von,  |d 1625-1676. 
240 1 4 |a Der seltzame Springinsfeld.  |l English 
245 1 4 |a The singular life story of heedless Hopalong /  |c Hans Jacob Christoffel von Grimmelshausen ; translated and annotated by Robert L. Hiller and John C. Osborne. 
264 1 |a Detroit :  |b Wayne State University Press,  |c 1981. 
300 |a xxxiii, 124 pages :  |b illustrations ;  |c 24 cm. 
336 |a text  |b txt  |2 rdacontent 
337 |a unmediated  |b n  |2 rdamedia 
338 |a volume  |b nc  |2 rdacarrier 
500 |a Translation of: Der seltzame Springinsfeld. 
504 |a Bibliography: pages 123-124. 
504 |a "Chronology of Grimmelshausen's works": pages xi-xii. 
650 0 |a Thirty Years' War, 1618-1648  |v Fiction. 
700 1 |a Hiller, Robert Ludwig,  |d 1915-1987. 
700 1 |a Osborne, John C.,  |d 1928- 
999 |a MARS 
999 f f |s 19893755-d3bf-3e5a-a4cb-3799104c1e33  |i 811b701e-99a3-3f0a-84e3-686b64ec235f  |t 0 
952 f f |p ric  |a Texas A&M University  |b Rellis Campus  |c Joint Library Facility  |d Remote Storage  |t 0  |e PT1731.S7 E5 1981  |h Library of Congress classification  |i unmediated -- volume  |m A14806193921 
998 f f |a PT1731.S7 E5 1981  |t 0  |l Remote Storage